000 00816nam a2200277 i 4500
001 bgj
100 1 _aHAMSUN, Knut
_d(1859-1952).
245 1 0 _aHunger /
_cKnut Hamsun ; [translated from the Norwegian by Robert Bly] ; with introductions by Robert Bly and Isaac Bashevis Singer.
260 _aNew York :
_bAvon Books,
_c1975.
300 _a189 pp ;
_c18 cm.
490 1 _aA Bard Book
650 9 _aAuthors
_aNorwegian
_y19th century
650 9 _aGenius
650 9 _aDepression, mental
655 _aFiction
655 _aAutobiographical fiction
700 1 _aBLY, Robert.
_etransl.
700 1 _aSINGER, ISAAC Bashevis
830 _aA Bard Book
020 _a0380420287
040 _cBPK
041 0 _aeng
920 _a0-380-42028-7
942 _cKS
008 s uk f |000 0 eng
999 _c49108
_d49108
856 _uhttp://koha.tu.koszalin.pl/cgi-bin/koha/opac-detail.pl?biblionumber=49108
_yKatalog online BPK